Breve historia del urbanismo
محفوظ في:
| المؤلف الرئيسي: | |
|---|---|
| التنسيق: | كتاب |
| اللغة: | الإسبانية |
| منشور في: |
Madrid
Alianza
1998
|
| الطبعة: | 1a. ed |
| سلاسل: | El Libro de Bolsillo Alianza. Humanidades
|
| الموضوعات: | |
| الوسوم: |
إضافة وسم
لا توجد وسوم, كن أول من يضع وسما على هذه التسجيلة!
|
MARC
| LEADER | 00000nam a2200000 a 4500 | ||
|---|---|---|---|
| 001 | UCO7674 | ||
| 003 | CL-VaPUC | ||
| 008 | 001117e19980000SP |||||||||||||||||spa|d | ||
| 020 | |a 9788420635194 | ||
| 082 | 0 | 4 | |a 711 |b CHU |2 21 |
| 100 | |a Chueca Goitia, Fernando |e author |9 581655 | ||
| 245 | 1 | 0 | |a Breve historia del urbanismo |
| 250 | |a 1a. ed | ||
| 300 | |a 251 p | ||
| 942 | |c BK | ||
| 945 | |d 20001117 00:00:00 |a rbrito | ||
| 260 | |a Madrid |b Alianza |c 1998 | ||
| 650 | 0 | |a Urbanización |9 265706 | |
| 650 | 0 | |a Historia |9 255047 | |
| 650 | 0 | |a Planificación urbana |9 258176 | |
| 650 | 0 | |a Renovación urbana |9 256385 | |
| 583 | |a last modification |c 20001117 00:00:00 |k Rodrigo Vera | ||
| 490 | 0 | |a El Libro de Bolsillo Alianza. Humanidades | |
| 999 | |c 292559 |d 292557 | ||
| 952 | |0 0 |1 0 |4 0 |6 711_000000000000000_CHU_1998 |7 0 |8 A |9 343489 |a BIBHIS |b BIBHIS |d 2019-11-20 |i 3660052 |o 711 CHU 1998 |p 3660052 |r 2025-01-20 |w 2019-11-20 |y BK |k HIS | ||
| 952 | |0 0 |1 0 |4 0 |6 711_000000000000000_CHU_1998 |7 0 |8 A |9 343490 |a BIBARQ |b BIBARQ |d 2019-11-20 |i 4588657 |o 711 CHU 1998 |p 4588657 |r 2025-01-20 |w 2019-11-20 |y BK |k ARQ | ||
| 952 | |0 0 |1 0 |4 0 |6 711_000000000000000_CHU_1998 |7 0 |8 A |9 343491 |a BIBARQ |b BIBARQ |d 2019-11-20 |i 4588665 |l 2 |o 711 CHU 1998 |p 4588665 |r 2025-01-20 |s 2023-05-19 |w 2019-11-20 |y BK |k ARQ | ||